LEADER 01452nam a2200325 a 4500 001 000000122283 003 CaOOAMICUS 005 20100618152857.0 008 100618t2008 it u000 u ita r 020 $a978-88-89736-42-5 040 $aPUL$bita$dReb 041 1 $aita$hfre 082 04$a248.4 100 1 $aMattheeuws, Alain.$0(OLS)http://pul/name/71719 240 10$aS'aimer pour se donner : le sacrament de mariage$lItaliano.$0(OLS)http://pul/title/153933 245 10$aAmarsi per donarsi :$bil sacramento del matrimonio /$cAlain Mattheeuws ; prefazione di Jean-Louis Brugès. 260 $aVenezia :$bMarcianum Press,$c©2008. 300 $a373 p. ;$c24 cm 490 1 $aTeologia ;$v05 504 $aBibliografia p. 341-365. 650 4$aMatrimonio$xAspetti religiosi.$0(OLS)http://pul/subject/15640 700 1 $aBrugues, Jean Louis,$cO.P.,$d1943-$0(OLS)http://pul/name/51078 830 0$aTeologia (Marcianum Press) ;$v05.$0(OLS)http://pul/title/135639 850 $aPUL 852 $aPUL$W1$xSL Religione 3$y85$m248. 4 MATAL 1$j140394$qDDC 21$B139537$CPULBib$Z2$F139537 $H114067 $82 941 1 $a9 996 $6020$a978-88-89736-42-5$9(OLS)http://pul/number/144629 996 $6082$a248.4$9(OLS)http://pul/classification/625 996 $6245$aAmarsi per donarsi :$bil sacramento del matrimonio$9(OLS)http://pul/title/153932 996 $6260$aVenezia :$bMarcianum Press$9(OLS)http://pul/publisher/79046 LEADER 01016nam a2200253 u 4500 001 000000086613 003 CaOOAMICUS 005 20070226124322.0 008 051003n it u000 u ita u 035 $a11061194 040 $aPUL(R)$bita 100 1 $aGalilei, Galileo,$d1564-1642.$0(OLS)http://pul/name/2769 245 10$aAntologia minima /$cGalileo Galilei ; con presentazione e postille di Enrico Bevilacqua. 260 $aFirenze :$bEd. La Voce,$c[s.d.] 300 $a81, 22 p. ;$c19 cm 490 1 $aI breviari de La Voce 504 $aBibliografia in nota. 700 1 $aBevilacqua, Enrico.$0(OLS)http://pul/name/56366 830 2$aI breviari de La Voce.$0(OLS)http://pul/title/112161 850 $aPUL 852 $aPUL$W1$xDP1 Fondo Cecchetti$y53$m296 E 20$j109957$nBK-PRI$b $qFondi$B109957$CPULBib$Z2$F109957 $HPUL4363 $81 941 1 $a1 996 $6245$aAntologia minima$9(OLS)http://pul/title/112189 996 $6260$aFirenze :$bEd. La Voce$9(OLS)http://pul/publisher/77473